000 00332nam a2200133Ia 4500
008 230503s9999 xx 000 0 und d
020 _a9788125914648
082 _a004.64
100 _aNAIDU,N Chandrababu
245 _aSilicon Valley Greats
260 _aDelhi
_bVikash Publishing house
_c2003
300 _a286p.
942 _cBK
_2ddc
999 _c2247
_d2247